000 00634nam a2200205Ia 4500
003 GCL
008 140319s9999 xx 000 0 ara d
040 _aGCL /
_cGCL
082 0 4 _a070.41
_bا ف
100 1 _aابراهيم امام
245 1 0 _aفن الاخراج الصحفى /
_cابراهيم امام
260 _aالقاهرة :
_bمكتبة الانجلوالمصرية
300 _a356 ص ؛
_c24 سم
650 0 4 _aالطباعة
650 0 4 _aالصحافة
650 0 4 _aالاعلانات
650 0 4 _aالصحافة - تحرير
650 0 4 _aالصحافة - التحرير الالى
942 _2ddc
_cBK
999 _c45466
_d45466